| 000 | 01467cam a2200133 4500500 | ||
|---|---|---|---|
| 005 | 20260322000455.0 | ||
| 041 | _afre | ||
| 042 | _adc | ||
| 100 | 1 | 0 |
_aBalutet, Nicolas _eauthor |
| 245 | 0 | 0 | _aCivilisation hispano-américaine |
| 260 |
_bArmand Colin,
_c2025. |
||
| 520 | _aLe présent ouvrage propose une synthèse claire et accessible des principales problématiques de civilisation d’un sous-continent divers et complexe: l’Amérique hispanique. Il invite le lecteur à découvrir la géographie de l’Amérique de langue espagnole, les disparités de sa population, les contrastes de son économie actuelle et à explorer son histoire souvent tourmentée, depuis les cultures précolombiennes, la conquête et l’instauration de la société coloniale jusqu’à nos jours.Chaque partie intègre divers compléments qui permettent de faciliter:la lecture du cours (cartes, chronologies, portraits, tableaux) ;la compréhension de certains termes essentiels (notions-clés, remarques).De même, plusieurs encarts offrent au lecteur des extraits de documents historiques traduits en français (décrets, discours, manifestes, constitutions, plaidoiries, etc.). Cet ouvrage s’adresse à tous les étudiants en LEA et en LLCE d’espagnol dès la première année ainsi qu’aux étudiants en classes préparatoires. | ||
| 856 | 4 | 1 | _uhttps://shs.cairn.info/civilisation-hispano-americaine--9782200640347?lang=fr&redirect-ssocas=7080 |
| 999 |
_c1706548 _d1706548 |
||